Moderní literatury arabského Východu : 1880-2000 /

Hlavní autor: Oliverius, Jaroslav, 1933-2020
Jazyk: Čeština
Vydáno: Praha : Univerzita Karlova v Praze, nakladatelství Karolinum, 2015
Vydání: Vydání druhé
Témata:
Externí odkaz: Digitalizovaný dokument
Fyzický popis: 310 stran ; 21 cm
Knihy
Uloženo v:
LEADER 03058nam a2200721 i 4500
001 nkc20152708699
003 CZ PrNK
005 20160203172749.0
007 ta
008 150624s2015 xr f 001 0 cze
015 |a cnb002708699 
020 |a 978-80-246-2964-3  |q (brožováno) 
035 |a (OCoLC)934899421 
040 |a ABA001  |b cze  |d OLA001  |e rda 
043 |a aw----- 
045 |a w8y0 
072 7 |a 821.41.09  |x Afroasijské (hamitosemitské) literatury (o nich)  |2 Konspekt  |9 11 
080 |a 821.411.21  |2 MRF 
080 |a 821.411.21(620)  |2 MRF 
080 |a 82.091(4)  |2 MRF 
080 |a 82.091  |2 MRF 
080 |a 82:316.7  |2 MRF 
080 |a 316.72  |2 MRF 
080 |a 82.07  |2 MRF 
080 |a (5-15)  |2 MRF 
080 |a (5-15)+(6-17)  |2 MRF 
080 |a (048.8)  |2 MRF 
100 1 |a Oliverius, Jaroslav,  |d 1933-2020  |7 jk01091057  |4 aut 
245 1 0 |a Moderní literatury arabského Východu :  |b 1880-2000 /  |c Jaroslav Oliverius 
250 |a Vydání druhé 
264 1 |a Praha :  |b Univerzita Karlova v Praze, nakladatelství Karolinum,  |c 2015 
300 |a 310 stran ;  |c 21 cm 
336 |a text  |b txt  |2 rdacontent 
337 |a bez média  |b n  |2 rdamedia 
338 |a svazek  |b nc  |2 rdacarrier 
504 |a Obsahuje bibliografii, bibliografické odkazy a rejstříky 
648 4 |a 1880-2000 
648 7 |a 19.-20. století  |7 ch757015  |2 czenas 
650 0 7 |a arabská literatura  |7 ph118558  |z Blízký východ  |y 19.-20. století  |2 czenas 
650 0 7 |a egyptská literatura (arabsky)  |7 ph217891  |y 19.-20. století  |2 czenas 
650 0 7 |a literární vlivy (evropské)  |7 ph876923  |2 czenas 
650 0 7 |a literární inspirace  |7 ph381209  |2 czenas 
650 0 7 |a literatura a kultura  |7 ph798114  |z arabské země  |y 19.-20. století  |2 czenas 
650 0 7 |a kulturní identita  |7 ph122024  |z arabské země  |y 19.-20. století  |2 czenas 
650 0 7 |a interpretace a přijetí literárního díla  |7 ph137145  |2 czenas 
650 0 9 |a Arabic literature  |z Middle East  |y 19th-20th centuries  |2 eczenas 
650 0 9 |a Egyptian literature (Arabic)  |y 19th-20th centuries  |2 eczenas 
650 0 9 |a literary influences (European)  |2 eczenas 
650 0 9 |a literary inspiration  |2 eczenas 
650 0 9 |a literature and culture  |z Arab countries  |y 19th-20th centuries  |2 eczenas 
650 0 9 |a cultural identity  |z Arab countries  |y 19th-20th centuries  |2 eczenas 
650 0 9 |a interpretation and reception of literature  |2 eczenas 
655 7 |a monografie  |7 fd132842  |2 czenas 
655 9 |a monographs  |2 eczenas 
856 4 1 |u https://www.digitalniknihovna.cz/mzk/uuid/uuid:31e13290-5dfd-11e6-8e4e-005056827e51  |y Digitalizovaný dokument  |x NDK 
910 2 |a BOA001  |b 2-1358.127 
928 9 |a Karolinum 
990 |a BK 
995 |a 01 
991 |b 201512  |c NOV 
996 6 |b 2610651856  |c 2-1358.127  |l MZK  |r Sklad / do 1 hodiny  |n 0  |p p.v.  |w 001532559  |u 000010  |a 1  |e BOA001  |j MZK50  |s P 
996 6 |b 2610652564  |c 2-1358.127  |l MZK  |r HSS 4p  |n 0  |p kup  |h 821.2/.9 OLI  |w 001532559  |u 000020  |a 0  |e BOA001  |j MZK50  |s P 
996 7 |b 2610652565  |c 2-1358.127  |l MZK  |r Sklad / do 1 hodiny  |n 2  |p kup  |w 001532559  |u 000030  |a 1  |e BOA001  |j MZK50  |s A